| 000 | 00421nam a2200181Ia 4500 | ||
|---|---|---|---|
| 003 | OSt | ||
| 005 | 20230718120709.0 | ||
| 008 | 230312s9999||||xx |||||||||||||| ||und|| | ||
| 020 | _a9788123920313 | ||
| 040 | _cABC | ||
| 082 |
_a612 _bAGA-P |
||
| 100 | _aAgarwal;Gaurav | ||
| 245 | 0 | _aPharmaceutical Technology-II | |
| 260 |
_bCBS _aIndia _c2012 |
||
| 300 | _a405 | ||
| 650 |
_aPharmacy _vPharmaceutics |
||
| 942 |
_cBK _2ddc |
||
| 999 |
_c9767 _d9767 |
||